[Event "3 Festival Internazionale Hotel ASTORIA"]
[Site "?"]
[Date "2020.01.12"]
[Round "4"]
[White "Carnicelli, Valerio"]
[Black "Luciani, Valerio"]
[Result "1-0"]
[WhiteElo "2195"]
[BlackElo "2121"]
[PlyCount "133"]
[EventDate "2020.01.25"]
[SourceDate "2019.09.15"]

1. e4 e6 2. d4 d5 3. Nc3 Bb4 4. e5 c5 5. a3 Bxc3+ 6. bxc3 Ne7 7. Qg4 Qc7 8.
Qxg7 Rg8 9. Qxh7 cxd4 10. Ne2 Nbc6 11. f4 Bd7 12. Qd3 dxc3 13. Rb1 Nf5 14. Rg1
O-O-O 15. g4 Nh4 16. Nxc3 Nd4 17. Rg3 Qc4 18. Kf2 Qxd3 19. Bxd3 b6 20. Be3 Nc6
21. Nb5 Rdf8 22. Nxa7+ Nxa7 23. Bxb6 Kb7 24. Bd8+ Ka8 25. Bxh4 Rh8 26. Rh3 Rh6
27. Kg3 Rfh8 28. Bf1 Ba4 29. c4 dxc4 30. Bf6 Rxh3+ 31. Bxh3 Rc8 32. Bg2+ Bc6
33. h4 Bxg2 34. Kxg2 c3 35. h5 Nb5 36. h6 c2 37. Rc1 Nd4 38. h7 Nb3 39. Rxc2
Rxc2+ 40. Kg3 Rc8 41. h8=Q Rxh8 42. Bxh8 Kb7 43. Bf6 Kc6 44. Bd8 Nc5 45. Be7
Na4 46. Bd6 Nc3 47. Kh4 Nd5 48. Kg5 Ne3 49. f5 exf5 50. gxf5 Nd5 51. Bb4 Kd7
52. Bc5 Nc3 53. Bd4 Nb5 54. Bb2 Nc7 55. a4 Nd5 56. Bd4 Kc6 57. a5 Kb5 58. Bb6
Kc6 59. Bf2 Kb5 60. Be1 Kc6 61. Bd2 Kd7 62. a6 Kc7 63. Be3 Nxe3 64. e6 Nxf5 65.
exf7 Ng7 66. Kf6 Nh5+ 67. Ke5 1-0